书目信息 |
| 题名: |
新编计算机培训教程 实用软件入门
|
|
| 作者: | 刘信圣 主编 | |
| 分册: | ||
| 出版信息: | 北京 科学技术文献出版社 |
|
| 页数: | 251页 | |
| 开本: | 16开 | |
| 丛书名: | ||
| 单 册: | ||
| 中图分类: | TP316 | |
| 科图分类: | ||
| 主题词: | 软件 | |
| 电子资源: | ||
| ISBN: | 7-5023-2543-3 | |
| 000 | 00595nam0 2200193 45 | |
| 001 | 0006191058 | |
| 005 | 20000619102532.1 | |
| 010 | @a7-5023-2543-3@d17.00元 | |
| 100 | @a20000619d km y0chiy0120 ea | |
| 101 | 0 | @achi |
| 105 | @a z 000yy | |
| 200 | 1 | @a新编计算机培训教程 实用软件入门@AXin Bian Ji Suan Ji Pei Xun Jiao Cheng Shi Yong Ruan Jian Ru Men@f刘信圣主编@FLiu Xin Sheng Zhu Bian |
| 210 | @a北京@c科学技术文献出版社 | |
| 215 | @a251页@d16开 | |
| 606 | 0 | @a软件 |
| 690 | @aTP316@v3 | |
| 701 | 0 | @a刘信圣@4主编 |
| 801 | @aCN@bPftUser@c20000619 | |
| 905 | @b207630-633@dTP316@eL798@f4 | |
| 新编计算机培训教程 实用软件入门/刘信圣主编.-北京:科学技术文献出版社 |
| 251页;16开 |
| ISBN 7-5023-2543-3:17.00元 |
| ● |
| 相关链接 |
|
|
|
正题名:新编计算机培训教程实用软件入门
索取号:TP316/L798
 
预约/预借
| 序号 | 登录号 | 条形码 | 馆藏地/架位号 | 状态 | 备注 |
| 1 | 207630 | 202076305 | 自科库301/301自科库 57排4列3层/ [索取号:TP316/L798] | 在馆 | |
| 2 | 207631 | 202076314 | 自科二线404/301自科库 51排4列1层/ [索取号:TP316/L798] | 在馆 | |
| 3 | 207632 | 202076323 | 自科库301/301自科库 57排4列3层/ [索取号:TP316/L798] | 在馆 | |
| 4 | 207633 | 202076332 | 自科库301/301自科库 46排6列3层/ [索取号:TP316/L798] | 在馆 |